000 01810cam a2200169 4500500
005 20251228092700.0
041 _afre
042 _adc
100 1 0 _aSoutou, Georges-Henri
_eauthor
245 0 0 _aIntroduction à la problématique des mondialisations
260 _c2005.
500 _a71
520 _aLes missions des marines militaires européennes depuis 1989La redéfinition du concept d’emploi des forces armées en Europe depuis 1989 induisit une réorientation des missions assignées aux forces navales. Notre étude montre que des constantes européennes apparaissent, indépendamment des particularités nationales : une dynamique ascendante des missions d’intervention, une stagnation des missions traditionnelles, ainsi qu’un développement des missions de service public. Cependant, cette évolution ne témoigne pas d’une rupture totale au niveau du type de missions, mais plutôt d’une large réactualisation et redistribution des priorités.
520 _aLes missions des marines militaires européennes depuis 1989The redefinition of the strategic and operational concept of the armed forces in Europe since 1989 has induced a reorientation of the missions assigned to the naval forces. Our study shows that several European constants appear independently of national characteristics : an ascending dynamic of projection missions, a stagnation of traditional missions, as well as a development of public utility missions. However this evolution does not mean a total rupture of the type of mission, but rather a broad re-actualization and redistribution of priorities.
786 0 _nRelations internationales | 123 | 3 | 2005-09-01 | p. 3-9 | 0335-2013
856 4 1 _uhttps://shs.cairn.info/revue-relations-internationales-2005-3-page-3?lang=fr&redirect-ssocas=7080
999 _c1603522
_d1603522